000 00293nam a2200097Ia 4500
008 220204s9999 xx 000 0 und d
082 _a33(048.8)(540)
_bECO
245 0 _aEconomic survey 2000-2001
260 _aNew Delhi
_bGovt of India, Ministry of Finance, Economics Division
_c2001
942 _cBK
999 _c41846
_d41846